| 000 | 00933nam a22002897a 4500 | ||
|---|---|---|---|
| 003 | DO-SdBPM | ||
| 005 | 20251125095327.0 | ||
| 007 | ta | ||
| 008 | 171128b1964 mx| 00| 0 spa d | ||
| 040 |
_aDO-SdBPM _bspa _cBPMSU _erda |
||
| 082 | 4 |
_a657.1 _bF514c 1964 _222 |
|
| 100 | 1 |
_aFinney, Harry Anson, $d1886- _d1886- _eautor _4 aut. |
|
| 245 | 1 | 0 |
_aCurso de contabilidad intermedia / _cH. A. Finney, Herbert E. Miller ; traducción Luis Guasch Rubio |
| 250 | _a2a ed. | ||
| 264 |
_aMéxico : _bUteha, _c1964. |
||
| 300 |
_a volumenes.; _c24 cm. |
||
| 336 |
_atexto _btxt _2rdaconten |
||
| 337 |
_asin mediación _bn _2rdamedia |
||
| 338 |
_avolumen _bnc _2rdacarrier |
||
| 590 | _aInventariado, 2025/VM | ||
| 650 | 7 | _a Contabilidad | |
| 700 | 1 |
_aMiller, Herbert E. _eautor |
|
| 700 | 1 |
_aGuasch Rubio, Luis, _etraductor |
|
| 942 |
_2ddc _cBK |
||
| 945 | _aInventariado extranjero / 2017 BT | ||
| 956 |
_aBTAVAREZ _b10 _c20171128 _d0038 |
||
| 999 |
_c13188 _d13188 |
||